000 00400nam a2200157Ia 4500
008 240729s9999 xx 000 0 und d
022 _a2666-5158
245 0 _aCurrent Research in Insect Science
260 _aNetherlands
260 _bElsevier
650 _a Zoology
650 _aScience
856 _uhttps://doaj.org/toc/47c1221f4b154f3d9bc0ebb20bf6acea
942 _2ddc
942 _cDOAJEJ
999 _c73136
_d73136
945 _a1
_bMadushi Gamage
_c1
_dMadushi Gamage